[Event "San Sebastian op 29th"]
[Site "San Sebastian"]
[Date "2005.10.01"]
[Round "6"]
[White "Galzagorri Uli, Yeray"]
[Black "Salcedo, Marc"]
[Result "1-0"]
[WhiteElo "2227"]
[BlackElo "2026"]
[PlyCount "65"]
[EventDate "2005.09.26"]
[EventType "swiss"]
[EventRounds "7"]
[EventCountry "ESP"]
[SourceTitle "CBM 108 Extra"]
[Source "ChessBase"]
[SourceDate "2005.11.04"]
[SourceVersion "1"]
[SourceVersionDate "2005.11.04"]
[SourceQuality "1"]

1. Nf3 Nf6 2. g3 g6 3. b3 Bg7 4. Bb2 d5 5. Bg2 c5 6. c4 dxc4 7. bxc4 Nc6 8. 0-0 0-0 9. d3 Nd4 10. Nbd2 Rb8 11. Nb3 Nxb3 12. axb3 a6 13. Be5 Nd7 14. Bxg7 Kxg7 15. b4 cxb4 16. Qa4 b5 17. Qxb4 bxc4 18. Qxc4 Nf6 19. Nd4 Qd6 20. Nc6 Rb2 21. e4 e5 22. d4 Rb6 23. Rac1 Nd7 24. f4 exd4 25. e5 Qa3 26. Qxd4 Rb2 27. e6+ Nf6 28. e7 Re8 29. Ra1 Ra2 30. Rxa2 Qxa2 31. f5 Bxf5 32. g4 Bxg4 33. Qxf6+ 1-0

[Event "San Sebastian op 29th"]
[Site "San Sebastian"]
[Date "2005.09.30"]
[Round "5"]
[White "Alvarado Fernandez, Mikel"]
[Black "Galzagorri Uli, Yeray"]
[Result "1/2-1/2"]
[WhiteElo "2050"]
[BlackElo "2227"]
[PlyCount "111"]
[EventDate "2005.09.26"]
[EventType "swiss"]
[EventRounds "7"]
[EventCountry "ESP"]
[SourceTitle "CBM 108 Extra"]
[Source "ChessBase"]
[SourceDate "2005.11.04"]
[SourceVersion "1"]
[SourceVersionDate "2005.11.04"]
[SourceQuality "1"]

1. e4 c5 2. c3 Nf6 3. e5 Nd5 4. d4 cxd4 5. Nf3 e6 6. cxd4 d6 7. Nc3 Nxc3 8. bxc3 Qc7 9. Bd2 Nd7 10. exd6 Bxd6 11. Bd3 0-0 12. 0-0 b6 13. c4 Bb7 14. h3 e5 15. dxe5 Nxe5 16. Nxe5 Bxe5 17. Rc1 Qc6 18. f3 Rfe8 19. Qc2 h6 20. Rfe1 Bg3 21. Bh7+ Kh8 22. Be4 Qc5+ 23. Be3 Bxe4 24. fxe4 Qe5 25. Bf2 Rac8 26. Bxg3 Qxg3 27. Qf2 Qc7 28. Qf5 Re5 29. Qf4 Rc5 30. e5 f6 31. Qg4 Rxe5 32. Rxe5 fxe5 33. Rd1 Rd8 34. Rf1 Qc5+ 35. Kh2 Rf8 36. Rd1 Qe3 37. Rd7 Qf4+ 38. Qxf4 Rxf4 39. Rxa7 Rxc4 40. a4 Kh7 41. Ra6 Rb4 42. Kg3 h5 43. a5 h4+ 44. Kf3 bxa5 45. Rxa5 Rf4+ 46. Ke3 Rf5 47. Ke4 Rg5 48. Rxe5 Rxg2 49. Rh5+ Kg6 50. Rxh4 Kg5 51. Kf3 Ra2 52. Rb4 Ra3+ 53. Kg2 Kh5 54. Kh2 g5 55. Kg2 Ra2+ 56. Kg3 1/2-1/2

[Event "San Sebastian op 28th"]
[Site "San Sebastian"]
[Date "2005.03.26"]
[Round "9"]
[White "Salcedo, Marc"]
[Black "Galzagorri Uli, Yeray"]
[Result "1/2-1/2"]
[WhiteElo "2038"]
[BlackElo "2199"]
[PlyCount "57"]
[EventDate "2005.03.19"]
[EventType "swiss"]
[EventRounds "9"]
[EventCountry "ESP"]
[SourceTitle "CBM 105 Extra"]
[Source "ChessBase"]
[SourceDate "2005.05.01"]
[SourceVersion "1"]
[SourceVersionDate "2005.05.01"]
[SourceQuality "1"]

1. e4 c5 2. c3 Nf6 3. e5 Nd5 4. d4 cxd4 5. Nf3 e6 6. cxd4 d6 7. Nc3 Nxc3 8. bxc3 Qc7 9. Bb2 Nd7 10. exd6 Bxd6 11. Bd3 b6 12. 0-0 Bb7 13. Rc1 0-0 14. c4 Bxf3 15. Qxf3 Bxh2+ 16. Kh1 Bd6 17. Rfe1 Nf6 18. d5 e5 19. Qf5 Rfe8 20. f4 e4 21. Bxf6 exd3 22. Qg5 g6 23. Bc3 Rxe1+ 24. Rxe1 d2 25. Bxd2 Qd8 26. Qxd8+ Rxd8 27. Kg1 Rc8 28. Rc1 b5 29. cxb5 1/2-1/2

[Event "San Sebastian op 28th"]
[Site "San Sebastian"]
[Date "2005.03.24"]
[Round "7"]
[White "Lazkano Gaite, Tomas"]
[Black "Galzagorri Uli, Yeray"]
[Result "0-1"]
[WhiteElo "1757"]
[BlackElo "2199"]
[PlyCount "54"]
[EventDate "2005.03.19"]
[EventType "swiss"]
[EventRounds "9"]
[EventCountry "ESP"]
[SourceTitle "CBM 105 Extra"]
[Source "ChessBase"]
[SourceDate "2005.05.01"]
[SourceVersion "1"]
[SourceVersionDate "2005.05.01"]
[SourceQuality "1"]

1. e4 c5 2. f4 d5 3. exd5 Qxd5 4. Nc3 Qd8 5. Nf3 Nc6 6. Bb5 Bd7 7. 0-0 Nf6 8. d4 cxd4 9. Nxd4 Nxd4 10. Qxd4 Bxb5 11. Qxd8+ Rxd8 12. Nxb5 a6 13. Na3 e6 14. b3 Bc5+ 15. Kh1 Ne4 16. c4 Nf2+ 17. Kg1 Nh3+ 18. Kh1 Nf2+ 19. Kg1 Nd3+ 20. Kh1 Nxc1 21. b4 Bd4 22. Rb1 Nd3 23. g4 h5 24. g5 g6 25. Rf3 Nf2+ 26. Kg2 Ne4 27. b5 Nd2 0-1

[Event "San Sebastian op 28th"]
[Site "San Sebastian"]
[Date "2005.03.20"]
[Round "3"]
[White "Vehi Bach, Victor Manuel"]
[Black "Galzagorri Uli, Yeray"]
[Result "1/2-1/2"]
[WhiteElo "2423"]
[BlackElo "2199"]
[PlyCount "42"]
[EventDate "2005.03.19"]
[EventType "swiss"]
[EventRounds "9"]
[EventCountry "ESP"]
[SourceTitle "CBM 105 Extra"]
[Source "ChessBase"]
[SourceDate "2005.05.01"]
[SourceVersion "1"]
[SourceVersionDate "2005.05.01"]
[SourceQuality "1"]

1. e4 c5 2. Nf3 e6 3. d4 cxd4 4. Nxd4 a6 5. Bd3 Bc5 6. Nb3 Be7 7. Qg4 g6 8. Qe2 d6 9. 0-0 Nd7 10. Na3 Qc7 11. Nc4 b6 12. a4 Bb7 13. Bd2 Ngf6 14. Bh6 Bf8 15. Bxf8 Kxf8 16. f4 Nxe4 17. Bxe4 d5 18. Bf3 dxc4 19. Bxb7 Qxb7 20. Qxc4 Kg7 21. Rad1 Nf6 1/2-1/2

[Event "Erandio op"]
[Site "Erandio"]
[Date "2004.12.20"]
[Round "5"]
[White "Galzagorri Uli, Yeray"]
[Black "Angulo Martinez, Jon"]
[Result "1/2-1/2"]
[WhiteElo "2205"]
[BlackElo "2089"]
[PlyCount "55"]
[EventDate "2004.12.18"]
[EventType "swiss"]
[EventRounds "8"]
[EventCountry "ESP"]
[SourceTitle "EXT 2006"]
[Source "ChessBase"]
[SourceDate "2005.11.24"]
[SourceVersion "1"]
[SourceVersionDate "2005.11.24"]
[SourceQuality "1"]

1. d4 Nf6 2. Nf3 e6 3. g3 b6 4. Bg2 Bb7 5. 0-0 Be7 6. c4 0-0 7. Nc3 Bb4 8. Bd2 Bxc3 9. Bxc3 Ne4 10. Rc1 d6 11. d5 Nxc3 12. Rxc3 a5 13. e4 e5 14. Ne1 Nd7 15. f4 exf4 16. gxf4 f5 17. exf5 Qf6 18. Nc2 Nc5 19. Qd4 Bc8 20. Qxf6 Rxf6 21. Nd4 Bxf5 22. Nxf5 Rxf5 23. Re3 Raf8 24. Ref3 Ne4 25. Bh3 Nd2 26. Bxf5 Nxf3+ 27. Rxf3 Rxf5 28. Kg2 1/2-1/2